| 000 | 01144nam a2200253 i 4500 | ||
|---|---|---|---|
| 001 | 123028 | ||
| 003 | ES-MaACL | ||
| 005 | 20251217152508.0 | ||
| 007 | t| | ||
| 008 | 070214s1913 sp r ||||0| spa d | ||
| 100 | 1 |
_aPuyol y Alonso, Julio, _d1865-1937 _994454 |
|
| 245 | 1 | 4 |
_aLas hermandades de Castilla y León : _bestudio histórico, seguido de las Ordenanzas de Castronuño hasta ahora inéditas / _cpor Julio Puyol y Alonso. |
| 246 | 3 | _aOrdenanzas de Castronuño (1467) | |
| 260 |
_aMadrid : _b[s.n.], _c1913 ( _fImp. de la Suc. de M. Minuesa de los Ríos) |
||
| 300 |
_a156 p ; _c20 cm. |
||
| 505 | 8 | _aApéndice: Orígenes de la Santa Hermandad (1475-1477) (De la Crónica de Alonso de Palencia) (De la Crónica de los Reyes Católicos, de Hernando del Pulgar) | |
| 530 | _aDisponible en formato digital. | ||
| 650 | 4 |
_aHermandades- _zCastilla (Reino) _9165294 |
|
| 650 | 4 |
_aOrdenanzas municipales- _zValladolid (Provincia) _9165295 |
|
| 852 |
_aES-MaACL _jF-2813 _cDEPO2 |
||
| 856 | 4 |
_uhttp://bdh-rd.bne.es/viewer.vm?id=0000227177&page=1 _y(Biblioteca Digital Hispánica) |
|
| 942 | _2udc | ||
| 999 |
_c123028 _d123028 |
||